Biarritz - Choix multiples - Statistiques

Statistiques générales
  • Ce quiz a été pris 63 fois
  • Le résultat moyen est 7 sur 10
Statistiques - réponses
Question Réponse % Correct
De quel territoire historique aux traditions spécifiques Biarritz fait-elle partie ? Le Pays basque
100%
Quelle est la particularité de la célèbre statue de la sainte Vierge Marie à Biarritz ? Elle a été érigée sur un rocher que l'on peut atteindre par une passerelle
98%
De quel sport maritime Biarritz est-elle considérée comme la capitale française voire européenne ? Le surf
93%
Comment appelle-t-on les habitants de Biarritz ? Les Biarrots
87%
Laquelle de ces images représente la "Villa Eugénie" (l'hôtel du Palais) de Biarritz ?
85%
Quel animal fut traditionnellement chassé à Biarritz jusqu'au XVIIe siècle ? La dernière prise recensée date du mois de mars 1686. La baleine
83%
Quel traitement vise à l'utilisation des ressources marines en vue du bien-être des curistes ? Biarritz est mondialement connue pour être une station pionnière en la matière. La thalassothérapie
69%
Quel joueur de tennis, "mousquetaire", né à Biarritz en 1898, a fini secrétaire aux sports sous le gouvernement de Vichy ? Jean Borotra
33%
Quel ancien champion cycliste breton fonda, après sa carrière sportive, à Biarritz un centre de soin dédié au type de cures évoqué à la question précédente ? Louison Bobet
30%
Quel acteur comique joua le rôle principal du film "Le voyage à Biarritz" de Gilles Grangier sorti en 1963 ? Fernandel
24%
Aucun quiz correspondant
Distribution des résultats
% des personnes avec chaque résultat
Percentile par nombre de réponses
Votre historique - résultats
Vous n’avez pas pris ce quiz